000 00495nam a2200145Ia 4500
008 151213s9999 xx 000 0 und d
100 _aকবীর চেীধুরী।
245 _aএ্যাবসার্ড নাটক।
_cকবীর চেীধুরী।
250 _a২য় সং
260 _aঢাকা
_bবাংলা একাডেমী।
_c1989
300 _a4459 p.
650 _aBangla
700 _aকবীর চেীধুরী।
999 _c2834
_d2834